[Event "Quem não chora não mama!"]
[Site "http://www.queenalice.com/game.php?id=612139"]
[Date "2009.7.2"]
[Round "-"]
[White "SGrillo"]
[Black "reggis_souza"]
[Result "0-1"]
[WhiteElo "1797"]
[BlackElo "1859"]

1. e4 e5 2. Nf3 d6 3. h3 g6 4. Bc4 Bg7 5. d3 c6 6. O-O Nf6 7. Bg5 Nbd7 8. Nc3 h6
9. Bxf6 Nxf6 10. Ne2 d5 11. exd5 cxd5 12. Bb3 Qd6 13. Kh1 O-O 14. Neg1 Re8 15.
Re1 Bf5 16. Ne2 Rac8 17. Ng3 Bd7 18. a3 Bc6 19. Ne2 e4 20. dxe4 Nxe4 21. Kg1
Bxb2 22. Ra2 Bxa3 23. Bxd5 Bc5 24. Bxe4 Qxd1 25. Rxd1 Bxe4 26. Ne1 Bxg2 27. Kxg2
Rxe2 28. Nd3 Bb6 29. Re1 Rexc2 30. Rxc2 Rxc2 31. Re8+ Kg7 32. Re7 Rc7 33. Rxc7
Bxc7 34. Nc5 b5 35. Kf3 a5 36. Ke3 a4 37. Kd3 Bd6 38. Ne4 Be5 39. Kc2 b4 40. Nc5
a3 41. Kb3 g5 42. Nd3 Bc3 43. f3 f5 44. Nc1 h5 45. Na2 Be1 46. Nc1 g4 47. fxg4
hxg4 48. hxg4 fxg4 49. Nd3 Bc3 0-1

[Event "Desafio"]
[Site "http://www.queenalice.com/game.php?id=613914"]
[Date "2009.7.5"]
[Round "-"]
[White "Thyba"]
[Black "reggis_souza"]
[Result "1-0"]
[WhiteElo "1960"]
[BlackElo "1867"]

1. f4 d5 2. g3 e6 3. Nf3 Nc6 4. Bg2 b6 5. O-O Bb7 6. c4 dxc4 7. Ne5 Nge7 8. e3
f6 9. Nxc4 Qd7 10. Nc3 O-O-O 11. a3 b5 12. Nxb5 a6 13. Nc3 Nd5 14. f5 Nxc3 15.
bxc3 e5 16. Rb1 Qd3 17. Qb3 Na5 18. Bxb7+ Nxb7 19. Qxb7+ Kd7 20. Qxa6 Qxb1 21.
Qe6# 1-0

[Event "Challenge"]
[Site "http://www.queenalice.com/game.php?id=614102"]
[Date "2009.7.6"]
[Round "-"]
[White "dotromundo"]
[Black "reggis_souza"]
[Result "0-1"]
[WhiteElo "1804"]
[BlackElo "1898"]

1. Nf3 Nc6 2. e4 e5 3. c4 Bc5 4. a3 Nf6 5. Nc3 d6 6. b4 Bd4 7. Bb2 Bxc3 8. Bxc3
h6 9. Bd3 O-O 10. h3 Be6 11. b5 Ne7 12. O-O c6 13. a4 c5 14. a5 a6 15. b6 Nc6
16. Qc2 Rc8 17. Rae1 Nb4 18. Bxb4 cxb4 19. Qa4 Bxc4 20. Re3 Bxd3 21. Rxd3 Nxe4
22. Nxe5 Nc5 23. Qxb4 Nxd3 24. Nxd3 Re8 25. f4 Qf6 26. f5 Rc6 27. Qa4 d5 28. Nc5
Qe7 29. Nd3 Qe4 30. Qb3 Qc4 31. Qa3 Re2 32. Nf4 Rxd2 33. Qe3 Qd4 34. Qxd4 Rxd4
35. Nh5 Ra4 0-1

[Event "Challenge"]
[Site "http://www.queenalice.com/game.php?id=616520"]
[Date "2009.7.10"]
[Round "-"]
[White "rheenz"]
[Black "reggis_souza"]
[Result "1-0"]
[WhiteElo "2167"]
[BlackElo "1873"]

1. d4 d5 2. c4 e6 3. Nc3 h6 4. Nf3 Nf6 5. g3 Bb4 6. Bd2 Bxc3 7. Bxc3 b6 8. Ne5
Bb7 9. Bg2 Nc6 10. Qa4 O-O 11. Nxc6 Qd7 12. Qc2 Qxc6 13. b3 Rfe8 14. O-O Rab8
15. Rac1 Qd6 16. c5 bxc5 17. dxc5 Qd8 18. c6 Ba8 19. Bd4 e5 20. Bxa7 Rb5 21. a4
Ra5 22. Be3 e4 23. b4 Ra6 24. b5 Ra5 25. Bc5 d4 26. Qb3 Nd5 27. Bxd4 Nb6 28.
Bxb6 cxb6 29. Rfd1 Qe7 30. Rd7 Qe6 31. Qxe6 fxe6 32. c7 Bb7 33. Rd8 Ra8 34.
Rxe8+ Rxe8 35. e3 Rc8 36. Bf1 Kf7 37. a5 bxa5 38. b6 Ke7 39. Bb5 g5 40. Rd1 Bd5
41. Rxd5 exd5 42. b7 1-0

[Event "Ngas"]
[Site "http://www.queenalice.com/game.php?id=617667"]
[Date "2009.7.12"]
[Round "-"]
[White "reggis_souza"]
[Black "SGrillo"]
[Result "1-0"]
[WhiteElo "1900"]
[BlackElo "1806"]

1. e4 e5 2. Nf3 d6 3. Bc4 h6 4. h3 c6 5. Nc3 Qf6 6. d3 Be6 7. Bxe6 Qxe6 8. b3
Nf6 9. O-O Be7 10. Bb2 O-O 11. Qd2 Nh7 12. Rad1 Nd7 13. d4 Nb6 14. d5 cxd5 15.
Nxd5 Nxd5 16. Qxd5 Qxd5 17. Rxd5 Rfc8 18. c4 b6 19. Rfd1 Rc5 20. Rxc5 bxc5 21.
a3 a5 22. Bc3 Nf6 23. Re1 a4 24. b4 cxb4 25. Bxb4 Rc8 26. Nd2 Rc6 27. f3 Kf8 28.
Kf2 Nd7 29. g3 Bd8 30. f4 f6 31. Rd1 Ke8 32. Nf3 g5 33. Rxd6 Ke7 34. Rxc6+ Ke8
35. Ra6 exf4 36. gxf4 gxf4 37. Rxa4 Ne5 38. Nxe5 fxe5 39. Ra8 1-0

[Event "Challenge"]
[Site "http://www.queenalice.com/game.php?id=618537"]
[Date "2009.7.14"]
[Round "-"]
[White "AlmeidaChess"]
[Black "reggis_souza"]
[Result "0-1"]
[WhiteElo "1859"]
[BlackElo "1885"]

1. d4 d5 2. c4 e6 3. Nf3 Bb4+ 4. Bd2 Bxd2+ 5. Nbxd2 b6 6. g3 Bb7 7. Bg2 Nf6 8.
O-O O-O 9. Qc2 h6 10. b3 Qd7 11. Ne5 Qe7 12. Ndf3 Nbd7 13. Rfe1 Nxe5 14. Nxe5
Rad8 15. Rad1 Nd7 16. f4 Nxe5 17. dxe5 f6 18. e4 dxc4 19. Qxc4 Rxd1 20. Rxd1
fxe5 21. Bh3 exf4 22. Bxe6+ Kh8 23. Bd5 Rd8 0-1

[Event "Challenge"]
[Site "http://www.queenalice.com/game.php?id=618542"]
[Date "2009.7.14"]
[Round "-"]
[White "reggis_souza"]
[Black "AlmeidaChess"]
[Result "1-0"]
[WhiteElo "1869"]
[BlackElo "1875"]

1. e4 e5 2. Nf3 Nc6 3. Bb5 a6 4. Bc4 Nf6 5. Ng5 d5 6. exd5 Na5 7. d3 Nxc4 8.
dxc4 Bc5 9. O-O Ng4 10. h3 Bxf2+ 11. Rxf2 Nxf2 12. Kxf2 Qf6+ 13. Qf3 Qxf3+ 14.
Nxf3 f6 15. Nc3 Bf5 16. Ne1 O-O-O 17. g4 Bg6 18. h4 h6 19. Be3 Rhf8 20. Ke2 c6
21. Rd1 cxd5 22. cxd5 Rd6 23. Bc5 1-0

[Event "Bcas"]
[Site "http://www.queenalice.com/game.php?id=624834"]
[Date "2009.7.26"]
[Round "-"]
[White "SGrillo"]
[Black "reggis_souza"]
[Result "1-0"]
[WhiteElo "1765"]
[BlackElo "1925"]

1. e4 e5 2. Nf3 Nc6 3. Bb5 Nge7 4. d3 a6 5. Bxc6 Nxc6 6. b3 Bc5 7. Bb2 d6 8. h3
h6 9. O-O Be6 10. Nbd2 Qe7 11. Nh2 O-O-O 12. Kh1 Rhf8 13. f4 Bd4 14. Bxd4 Nxd4
15. fxe5 dxe5 16. Ndf3 Nxf3 17. Nxf3 f6 18. Nh2 f5 19. exf5 Rxf5 20. Rxf5 Bxf5
21. Qf3 Bh7 22. Re1 Rf8 23. Qg3 Re8 24. Ng4 Qc5 25. Rxe5 Rxe5 26. Qxe5 Qxe5 27.
Nxe5 c5 28. Kg1 Kc7 29. Kf2 Kd6 30. Nc4+ Kd5 31. Ke3 Bf5 32. Nd2 b5 33. a3 a5
34. g4 Be6 35. c4+ bxc4 36. dxc4+ Ke5 37. Ne4 g5 38. Nxc5 Bf7 39. Nb7 1-0

[Event "Challenge"]
[Site "http://www.queenalice.com/game.php?id=627882"]
[Date "2009.7.31"]
[Round "-"]
[White "barbarosa"]
[Black "reggis_souza"]
[Result "1/2-1/2"]
[WhiteElo "1833"]
[BlackElo "1873"]

1. g3 e5 2. e4 a6 3. Bg2 Nc6 4. a3 Bc5 5. Nh3 Nf6 6. O-O O-O 7. b4 Ba7 8. c4 d6
9. Kh1 h6 10. f4 Bd4 11. Ra2 Be6 12. d3 b5 13. Bb2 bxc4 14. f5 Bd7 15. dxc4 Bxb2
16. Rxb2 Rb8 17. Nc3 a5 18. b5 Nd4 19. a4 c6 20. Ng1 cxb5 21. cxb5 Rc8 22. Nge2
Nxe2 23. Nxe2 Rc4 24. Qd3 Rxa4 25. b6 Rb4 26. Rxb4 axb4 27. Qa6 Qb8 28. b7 Ne8
29. Rc1 Nc7 30. Qb6 Nb5 31. Bf1 Qa7 32. Qxa7 Nxa7 33. Rb1 Nc6 34. Nc1 Rb8 35.
Ba6 g6 36. g4 h5 37. Nd3 hxg4 38. Nxb4 Nxb4 39. Rxb4 Bc6 40. Kg1 gxf5 41. exf5
f6 42. Rxg4+ Kf7 43. Rc4 Bxb7 44. Rc7+ Ke8 45. Rxb7 Ra8 46. Rb6 Kd7 47. Bb5+ Ke7
48. Be2 Rg8+ 49. Kf2 Rg5 50. Bd3 d5 51. Rb7+ Kd6 52. Rf7 e4 53. Rxf6+ Ke5 54.
Rf8 exd3 55. f6 Rf5+ 56. Ke3 Rxf6 57. Re8+ Kd6 58. Kxd3 Rh6 59. Re2 Kc5 60. Rc2+
Kd6 61. Re2 Rh3+ 62. Kd4 1/2-1/2

[Event "Challenge"]
[Site "http://www.queenalice.com/game.php?id=627883"]
[Date "2009.7.31"]
[Round "-"]
[White "reggis_souza"]
[Black "barbarosa"]
[Result "0-1"]
[WhiteElo "1910"]
[BlackElo "1813"]

1. e4 g6 2. Nf3 d6 3. Bc4 e6 4. Nc3 Bg7 5. d4 Ne7 6. O-O O-O 7. Bg5 h6 8. Bxe7
Qxe7 9. Re1 a6 10. h3 b5 11. Bd3 Nd7 12. a3 c5 13. dxc5 dxc5 14. e5 Bb7 15. Be4
Bxe4 16. Nxe4 c4 17. Qd4 Rfd8 18. Qc3 Nc5 19. Nxc5 Qxc5 20. Rad1 Rd5 21. Rxd5
Qxd5 22. Qd4 Qxd4 23. Nxd4 Rd8 24. c3 Rd5 25. f4 a5 26. Nc6 Bf8 27. Nxa5 Rd2 28.
b4 cxb3 29. Nxb3 Rc2 30. Nd4 Rxc3 31. Nxb5 Rc4 32. g3 Ra4 33. Ra1 Kg7 34. Kg2 g5
35. Kf3 Kg6 36. Nd6 f6 37. Ra2 fxe5 38. fxe5 Bg7 39. Ne4 Bxe5 40. Nc5 Rc4 41.
Nxe6 Rc3+ 42. Ke4 Kf6 43. Nf8 Bxg3 44. a4 Bd6 45. Nd7+ Ke6 46. Nb6 Rxh3 47. a5
Bc7 48. Nd5 Rh4+ 0-1

[Event "Let's Try Again!!!"]
[Site "http://www.queenalice.com/game.php?id=629465"]
[Date "2009.8.2"]
[Round "-"]
[White "reggis_souza"]
[Black "Thyba"]
[Result "1-0"]
[WhiteElo "1921"]
[BlackElo "2037"]

1. e4 e5 2. Nf3 Nf6 3. d3 Nc6 4. Bg5 Be7 5. Bxf6 Bxf6 6. Nc3 O-O 7. Be2 Ne7 8.
Nd5 Nxd5 9. exd5 Qe7 10. c3 Qc5 11. d4 exd4 12. cxd4 Qxd5 13. O-O d6 14. h3 Re8
15. Re1 c5 16. Bc4 Rxe1+ 17. Qxe1 Qc6 18. Qe2 Bd7 19. dxc5 dxc5 20. Rd1 Re8 21.
Qd3 1-0

[Event "Challenge"]
[Site "http://www.queenalice.com/game.php?id=641504"]
[Date "2009.8.24"]
[Round "-"]
[White "gmsanti"]
[Black "reggis_souza"]
[Result "1-0"]
[WhiteElo "2077"]
[BlackElo "1881"]

1. Nf3 Nc6 2. c4 e5 3. d3 Bb4+ 4. Bd2 Bxd2+ 5. Qxd2 d6 6. g3 h6 7. Bg2 Nf6 8.
O-O O-O 9. Nc3 Be6 10. Rfc1 a6 11. a3 d5 12. cxd5 Nxd5 13. Ne4 Nd4 14. Nc5 b6
15. Nxe6 fxe6 16. Nxd4 exd4 17. Bxd5 exd5 18. Rc6 Rf6 19. Rac1 Rxc6 20. Rxc6 Qd7
21. Qc2 Rc8 22. b4 Kf8 23. a4 Kg8 24. b5 a5 25. Qc1 Qe7 26. Qf4 Qf7 27. Qxd4 Rd8
28. Qe5 Re8 29. Qxc7 Qxc7 30. Rxc7 Rxe2 31. Rc6 Ra2 32. Rxb6 Rxa4 33. Rd6 Rd4
34. b6 Rb4 35. Rxd5 Rxb6 36. Rxa5 Rd6 37. Ra3 Kf7 38. f4 Kf6 39. Kf2 Kf5 40. h3
g5 41. fxg5 hxg5 42. Ra5+ Kf6 43. Ke3 Re6+ 44. Kd4 Re1 45. h4 gxh4 46. gxh4 Rh1
47. h5 Kg7 48. Kc3 Kh6 49. d4 1-0

[Event "Challenge"]
[Site "http://www.queenalice.com/game.php?id=641505"]
[Date "2009.8.24"]
[Round "-"]
[White "reggis_souza"]
[Black "gmsanti"]
[Result "0-1"]
[WhiteElo "1903"]
[BlackElo "2171"]

1. e4 e5 2. Nf3 Nc6 3. Bc4 Nf6 4. Ng5 Bc5 5. Nxf7 Bxf2+ 6. Kf1 Qe7 7. Nxh8 d5 8.
exd5 Nd4 9. c3 Bg4 10. Qa4+ Nd7 11. Kxf2 Qh4+ 12. g3 Qf6+ 13. Ke1 Nf3+ 14. Kd1
Nd4+ 15. Ke1 Qf5 16. cxd4 Qe4+ 17. Kf1 Qxh1+ 18. Kf2 Qf3+ 19. Ke1 Qe4+ 20. Kf1
O-O-O 0-1

[Event "Challenge"]
[Site "http://www.queenalice.com/game.php?id=644562"]
[Date "2009.8.30"]
[Round "-"]
[White "NandoBg"]
[Black "reggis_souza"]
[Result "1-0"]
[WhiteElo "2096"]
[BlackElo "1910"]

1. Nc3 e5 2. Nf3 Nc6 3. d4 exd4 4. Nxd4 Nxd4 5. Qxd4 Nf6 6. e4 h6 7. e5 Ng8 8.
Bc4 d6 9. Bf4 Be6 10. O-O-O Bxc4 11. Qxc4 Qd7 12. Nb5 c6 13. e6 fxe6 14. Nxd6+
Bxd6 15. Rxd6 Qf7 16. Rxe6+ Ne7 17. Bd6 O-O 18. Bxe7 Rfe8 19. Qe2 Rac8 20. Re1
Rc7 21. Qe4 Rd7 22. f4 Rd5 23. g4 1-0

[Event "One more time!"]
[Site "http://www.queenalice.com/game.php?id=646525"]
[Date "2009.9.3"]
[Round "-"]
[White "reggis_souza"]
[Black "Thyba"]
[Result "0-1"]
[WhiteElo "1890"]
[BlackElo "2069"]

1. e4 e5 2. Nf3 Nf6 3. d3 Nc6 4. Bg5 Be7 5. Bxf6 Bxf6 6. Nc3 O-O 7. Be2 Ne7 8.
Nd5 Nxd5 9. exd5 Qe7 10. c3 Qc5 11. d4 exd4 12. cxd4 Qxd5 13. O-O d6 14. h3 Re8
15. Re1 c5 16. Bc4 Rxe1+ 17. Qxe1 Qc6 18. Qe2 Bd7 19. dxc5 dxc5 20. Rd1 Re8 21.
Qd3 Rd8 22. Bb5 Qxb5 23. Qxb5 Bxb5 24. Rxd8+ Bxd8 0-1

[Event "AUTO-OPEN-1545"]
[Site "http://www.queenalice.com/game.php?id=667326"]
[Date "2009.10.15"]
[Round "2"]
[White "reggis_souza"]
[Black "JAYMAC10"]
[Result "1-0"]
[WhiteElo "1869"]
[BlackElo "1768"]

1. e4 e5 2. Nf3 Nc6 3. Bc4 Nf6 4. Ng5 d5 5. exd5 Nxd5 6. Qf3 Qxg5 7. Bxd5 Qe7 8.
Bxc6+ Bd7 9. Bxd7+ Qxd7 10. Qxb7 Rd8 11. Qxa7 Bd6 12. O-O O-O 13. Qe3 f5 14. d3
e4 15. dxe4 fxe4 16. Qxe4 Rde8 17. Qc4+ Kh8 18. Nc3 Re6 19. Be3 Rg6 20. Qh4 Be7
21. Qe4 Bf6 22. Rad1 Qf7 23. Bd4 Bxd4 24. Rxd4 Re6 25. Qh4 Rg6 26. Rg4 Rh6 27.
Qg3 Re8 28. h3 Rhe6 29. Rf4 Qd7 30. Qd3 Rd6 31. Qf3 Qd8 32. Rd1 Rxd1+ 33. Qxd1
Qg5 34. Qg4 Qxg4 35. Rxg4 Re1+ 36. Kh2 Rc1 37. Rc4 Rxc2 38. Rxc7 h6 39. Rb7 Rxf2
40. a4 Rf5 41. Nb5 g5 42. a5 Rf6 43. Nc7 Rf7 44. a6 g4 45. hxg4 Rg7 46. a7 1-0

[Event "AUTO-OPEN-1545"]
[Site "http://www.queenalice.com/game.php?id=667327"]
[Date "2009.10.15"]
[Round "2"]
[White "JAYMAC10"]
[Black "reggis_souza"]
[Result "0-1"]
[WhiteElo "1795"]
[BlackElo "1863"]

1. e4 e5 2. Nf3 Nc6 3. c3 d6 4. Bc4 h6 5. d4 exd4 6. Nxd4 Nxd4 7. Qxd4 Qf6 8. e5
Qxe5+ 9. Be3 Qxd4 10. Bxd4 Be6 11. Nd2 Bxc4 12. Nxc4 a6 13. O-O O-O-O 14. f4 c5
15. Nb6+ Kc7 16. Nd5+ Kc6 17. Ne3 cxd4 18. cxd4 Nf6 19. Rac1+ Kd7 20. Nc4 Nd5
21. Na5 b6 22. Nb7 Rb8 23. Nxd6 Kxd6 24. Rfe1 Be7 25. f5 Bf6 26. Re4 Rhe8 27.
Rce1 Rxe4 28. Rxe4 Rc8 29. a4 Kd7 30. b3 Rc3 0-1

[Event "AUTO-OPEN-1545"]
[Site "http://www.queenalice.com/game.php?id=667328"]
[Date "2009.10.15"]
[Round "2"]
[White "reggis_souza"]
[Black "clabrada"]
[Result "0-1"]
[WhiteElo "1876"]
[BlackElo "2093"]

1. e4 c6 2. Nf3 d5 3. d3 Bg4 4. h3 Bh5 5. g4 Bg6 6. Bg2 dxe4 7. Ne5 exd3 8. Nxg6
hxg6 9. Qxd3 Qxd3 10. cxd3 Nf6 11. O-O Nbd7 12. Nc3 Nb6 13. Re1 O-O-O 14. Rd1 e6
15. Be3 Be7 16. Bxb6 axb6 17. Rac1 Rd7 18. Ne4 Rhd8 19. Nxf6 Bxf6 20. Rc2 Rxd3
21. Rxd3 Rxd3 22. Kf1 Rd1+ 23. Ke2 Ra1 24. a3 Ra2 0-1

[Event "AUTO-OPEN-1545"]
[Site "http://www.queenalice.com/game.php?id=667329"]
[Date "2009.10.15"]
[Round "2"]
[White "clabrada"]
[Black "reggis_souza"]
[Result "1-0"]
[WhiteElo "2074"]
[BlackElo "1871"]

1. e4 e5 2. Nf3 Nc6 3. Bb5 a6 4. Ba4 b5 5. Bb3 h6 6. d4 exd4 7. Nxd4 Nxd4 8.
Qxd4 Bb7 9. c4 bxc4 10. Bxc4 Qf6 11. Qd3 O-O-O 12. Nc3 Re8 13. Be3 Bb4 14. O-O
Bxc3 15. bxc3 Bxe4 16. Bxa6+ Kd8 17. Qc4 Re6 18. Bb5 Rd6 19. Qxe4 1-0

[Event "Correios 001"]
[Site "http://www.queenalice.com/game.php?id=680201"]
[Date "2009.11.9"]
[Round "3"]
[White "reggis_souza"]
[Black "SGrillo"]
[Result "1/2-1/2"]
[WhiteElo "1869"]
[BlackElo "1609"]

1. e4 e5 2. Nf3 d6 3. Bc4 h6 4. h3 Nf6 5. d3 Be7 6. O-O O-O 7. Be3 a6 8. Nc3 Nc6
9. a3 Re8 10. Re1 Bd7 11. d4 Bf8 12. dxe5 dxe5 13. Qd2 Be6 14. Qxd8 Raxd8 15.
Bxe6 Rxe6 16. Rad1 Rxd1 17. Rxd1 Rd6 18. Rxd6 Bxd6 19. Kf1 Kf8 20. Nh4 Ne7 21.
g4 g5 22. Nf3 Nd7 23. h4 f6 24. Ke2 Bc5 25. hxg5 hxg5 26. Bxc5 Nxc5 27. Nd2 b5
28. f3 Ng6 29. Nd5 Nf4+ 30. Nxf4 gxf4 31. c4 c6 32. cxb5 cxb5 33. b4 Ne6 34. Nb3
Kf7 35. Kd3 Ng5 36. Ke2 Ne6 37. Kd3 1/2-1/2

[Event "I'm feeling a victory!"]
[Site "http://www.queenalice.com/game.php?id=690156"]
[Date "2009.11.28"]
[Round "-"]
[White "reggis_souza"]
[Black "Thyba"]
[Result "0-1"]
[WhiteElo "1881"]
[BlackElo "1986"]

1. d4 d5 2. Nc3 c5 3. e3 Nf6 4. Bb5+ Bd7 5. Nf3 Bxb5 6. Nxb5 Nc6 7. O-O e6 8. b3
a6 9. Nc3 cxd4 10. Nxd4 Bd6 11. Nf3 O-O 12. h3 Qc7 13. Bb2 b5 14. Ne2 Ne4 15.
Ned4 Nxd4 16. Qxd4 f6 17. Rac1 Rfc8 18. Rfd1 Qa5 19. a4 bxa4 20. Qxa4 Qxa4 21.
bxa4 Rab8 22. Bd4 Rb4 23. a5 Ra4 24. Bb6 Bb4 25. Rd4 Nc3 26. Kf1 Na2 27. Rb1
Rxc2 28. g3 Rc4 29. Rbd1 Bxa5 30. Bxa5 Rxa5 31. Rxc4 dxc4 32. Nd4 Rd5 33. Ra1
Nb4 34. Nxe6 c3 35. Nd4 Rc5 36. Rc1 Kf7 37. Ke2 Ke7 38. h4 Kd6 39. Nc2 Nxc2 40.
Rxc2 Kd5 41. Kd3 a5 42. f3 a4 43. e4+ Ke6 44. f4 Kd6 45. g4 Kc6 46. Kd4 Kb5 47.
e5 fxe5+ 48. fxe5 Kb4 49. e6 Rc8 50. e7 a3 51. Rf2 Re8 52. Re2 Kb3 0-1

[Event "Correios II"]
[Site "http://www.queenalice.com/game.php?id=817158"]
[Date "2010.8.12"]
[Round "1"]
[White "reggis_souza"]
[Black "josekasparov"]
[Result "0-1"]
[WhiteElo "1859"]
[BlackElo "2266"]

1. e4 c5 2. Nf3 d6 3. c3 Nf6 4. Bb5+ Bd7 5. Bxd7+ Qxd7 6. d3 g6 7. h3 Bg7 8. O-O
Nc6 9. Re1 O-O 10. Bf4 d5 11. e5 Ne8 12. d4 Nc7 13. dxc5 Ne6 14. Bg3 Nxc5 15. c4
dxc4 16. Nc3 Rfd8 17. Qxd7 Rxd7 18. Rad1 Rad8 19. Rxd7 Rxd7 20. Rd1 Rxd1+ 21.
Nxd1 Nd3 22. Nd2 Nxb2 23. Nc3 Nxe5 24. Nde4 Nc6 25. a3 f5 0-1

[Event "Correios II"]
[Site "http://www.queenalice.com/game.php?id=927176"]
[Date "2011.4.18"]
[Round "3"]
[White "reggis_souza"]
[Black "SGrillo"]
[Result "1-0"]
[WhiteElo "1859"]
[BlackElo "1727"]

1. e4 e5 2. Nf3 d6 3. Bc4 h6 4. h3 Qe7 5. Nc3 Be6 6. Bxe6 Qxe6 7. d3 Nf6 8. Be3
Be7 9. a3 O-O 10. Qd2 Nc6 11. O-O Nd7 12. Rad1 Nf6 13. Rfe1 a6 14. d4 exd4 15.
Bxd4 Nxd4 16. Nxd4 Qd7 17. Nf3 Rae8 18. e5 Nh7 19. exd6 1-0